000 00555nam a2200205Ia 4500
005 20250508160437.0
008 008 250505s9999 xx 000 0 eng d
037 _aTextBook
040 _aFEDL
_beng
_cFEDL
041 _aeng
_2eng
084 _a378.54, DEL
_qFEDL
245 0 _aUniversity code (1940-1941)
245 0 _cDelhi (University of..)
260 _aDelhi, India
_bUniversity Office
_c1940
300 _aix,224p
365 _aGifted
650 _aHigher Education
942 _cTB
_h378.54, DEL
999 _c1364641
_d1364641